000
00224nam a22000857a 4500
008
160915b xxu||||| |||| 00| 0 eng d
100
_9
496
_a
Sharma.R.D
245
_a
Mathematics-XI
260
_a
New Delhi
_b
Dhanpat Publications
_c
2004
999
_c
3153
_d
3153